Southville International School and Colleges
Your cart is empty.
  • Cart
  • Lists
    Public lists Eva Luna New books Lux_list list_1
    Your lists Log in to create your own lists
  • Log in to your account
  • Your cookies
  • Search history
Southville International School and Colleges
  • Advanced search
  • Recent comments
  • Most popular
  • Libraries

Log in to your account

Log in with GOOGLE


If you do not have an external account, but do have a local account, you can still log in:

  1. Home
  2. MARC view: The new strategists :
Normal view MARC view ISBD view

The new strategists : (Record no. 9253)

[ view plain ]
MARC details
000 -LEADER
fixed length control field 01434cam a2200361 a 4500
001 - CONTROL NUMBER
control field 3505999
003 - CONTROL NUMBER IDENTIFIER
control field SISC
005 - DATE AND TIME OF LATEST TRANSACTION
control field 20160406125551.0
008 - FIXED-LENGTH DATA ELEMENTS--GENERAL INFORMATION
fixed length control field 950602s1995 nyua b 001 0 eng
010 ## - LIBRARY OF CONGRESS CONTROL NUMBER
LC control number 95024096
020 ## - INTERNATIONAL STANDARD BOOK NUMBER
International Standard Book Number 9780028740584
040 ## - CATALOGING SOURCE
Original cataloging agency DLC
Transcribing agency DLC
Modifying agency DLC
050 00 - LIBRARY OF CONGRESS CALL NUMBER
Classification number HD 30.28
Item number .W335 1995
082 00 - DEWEY DECIMAL CLASSIFICATION NUMBER
Classification number HS 658.4012
Item number .W15 1995
100 1# - MAIN ENTRY--PERSONAL NAME
Personal name Wall, Stephen J.
9 (RLIN) 12959
245 14 - TITLE STATEMENT
Title The new strategists :
Remainder of title creating leaders at all levels /
Statement of responsibility, etc Stephen J. Wall, Shannon Rye Wall.
260 ## - PUBLICATION, DISTRIBUTION, ETC. (IMPRINT)
Place of publication, distribution, etc New York :
Name of publisher, distributor, etc Free Press,
Date of publication, distribution, etc c1995.
300 ## - PHYSICAL DESCRIPTION
Extent xii, 260 p. :
Other physical details ill. ;
Dimensions 24 cm.
500 ## - GENERAL NOTE
General note Includes index.
562 ## - COPY AND VERSION IDENTIFICATION NOTE
Number of copies 1
650 #0 - SUBJECT ADDED ENTRY--TOPICAL TERM
Topical term or geographic name as entry element Strategic planning.
9 (RLIN) 606
650 #0 - SUBJECT ADDED ENTRY--TOPICAL TERM
Topical term or geographic name as entry element Leadership.
9 (RLIN) 483
650 #0 - SUBJECT ADDED ENTRY--TOPICAL TERM
Topical term or geographic name as entry element Employee empowerment.
9 (RLIN) 465
700 1# - ADDED ENTRY--PERSONAL NAME
Personal name Wall, Shannon Rye,
Dates associated with a name 1958-
9 (RLIN) 12960
856 42 - ELECTRONIC LOCATION AND ACCESS
Materials specified Contributor biographical information
Uniform Resource Identifier <a href="http://www.loc.gov/catdir/bios/simon051/95024096.html">http://www.loc.gov/catdir/bios/simon051/95024096.html</a>
856 42 - ELECTRONIC LOCATION AND ACCESS
Materials specified Publisher description
Uniform Resource Identifier <a href="http://www.loc.gov/catdir/description/simon052/95024096.html">http://www.loc.gov/catdir/description/simon052/95024096.html</a>
856 41 - ELECTRONIC LOCATION AND ACCESS
Materials specified Sample text
Uniform Resource Identifier <a href="http://www.loc.gov/catdir/enhancements/fy0645/95024096-s.html">http://www.loc.gov/catdir/enhancements/fy0645/95024096-s.html</a>
856 41 - ELECTRONIC LOCATION AND ACCESS
Materials specified Table of contents only
Uniform Resource Identifier <a href="http://www.loc.gov/catdir/enhancements/fy0645/95024096-t.html">http://www.loc.gov/catdir/enhancements/fy0645/95024096-t.html</a>
906 ## - LOCAL DATA ELEMENT F, LDF (RLIN)
a 7
b cbc
c orignew
d 1
e ocip
f 19
g y-gencatlg
942 ## - ADDED ENTRY ELEMENTS (KOHA)
Source of classification or shelving scheme Library of Congress Classification
Koha item type Books
Holdings
Withdrawn status Lost status Source of classification or shelving scheme Damaged status Home library Current library Shelving location Date acquired Total Checkouts Full call number Barcode Date last seen Copy number Price effective from Koha item type
    Library of Congress Classification   Luxembourg Library Luxembourg Library High School Section 08/24/2013   HD 30.28 .W335 1995 2230 04/06/2016 1 08/24/2013 Books

The new strategists :

APA

Wall S. J., Wall S. R., . (1995). The new strategists. New York: Free Press.

Chicago

Wall Stephen J, Wall Shannon Rye, . 1995. The new strategists. New York: Free Press.

Harvard

Wall S. J., Wall S. R., . (1995). The new strategists. New York: Free Press.

MLA

Wall Stephen J, Wall Shannon Rye, . The new strategists. New York: Free Press. 1995.

  • Place hold
  • Print
  • Cite
  • Add to your cart (remove)
  • Save record
    BIBTEX Dublin Core MARCXML MARC (non-Unicode/MARC-8) MARC (Unicode/UTF-8) MARC (Unicode/UTF-8, Standard) MODS (XML) RIS
  • More searches
    Search for this title in:
    Other Libraries (WorldCat) Other Databases (Google Scholar) Online Stores (Bookfinder.com) Open Library (openlibrary.org)

Exporting to Dublin Core...

SOUTHVILLE LIBRARY

Southville International School and Colleges Library

1281 Tropical Ave. Cor. Luxembourg St., BF Homes International, Las Pinas City

Tel. No. 8256374 / 252358 Loc. 117/146

Powered by Koha